书目信息 |
| 书名: | Bodies from the ash | |
| 作者: | James M Deem | |
| 分册号: | ||
| 分册名: | 出版地: | Boston |
|
| 出版社: | Houghton Mifflin | |
| 出版时间: | 2005 | |
| 页数: | 50p | |
| 开本: | 22cm | |
| 丛书名: | ||
| 中图分类号: | ||
| 科图分类号: | ||
| 其他分类号: | C912.8 | |
| 主题词: | ||
| 电子资源: | ||
| 000 | 00411nam0 2200157 450 | |
| 001 | 202012001668 | |
| 005 | 20121114163549.0 | |
| 008 | 12111301s | |
| 020 | @a9780618473083@c$17.00@bhard | |
| 099 | @dC912.8@eJ281 | |
| 245 | 10 | @aBodies from the ash @cJames M Deem |
| 260 | 0 | @aBoston@b Houghton Mifflin@c2005 |
| 300 | @a50p@c22cm | |
| 905 | @b11434 | |
| 905 | @b11111 | |
| 905 | @aTSG@dC912.8@eJ281 | |
| Bodies from the ash / James M Deem.-Boston : Houghton Mifflin , 2005 |
| 50p ; 22cm |
| ISBN 9780618473083hard$17.00 |
| ● |
| 相关链接 |
|
|
|
正题名:Bodies from the ash
索取号:C912.8/J281
 
预约/预借
| 序号 | 登录号 | 条形码 | 馆藏地/架位号 | 状态 | 备注 |